000
00207 a2200097 4500
001
58272
100
_a
245
_a
Key Engineering Material
260
_a
USA
_b
Trass Tech pub
_c
1978
090
_c
35769
_d
35769
942
_a
NUST-CAE
_c
_c
28634
999
_c
293345
_d
293345